000 00605nam a22001937a 4500
001 TVUNI
005 20260126014644.0
008 221102s2007 vm vie d
020 _c46000
040 _aTVUNI
_eAACR2
041 0 _avie
100 1 _aTrần, Quý Liên
245 1 0 _aNguyên lý kế toán :
_bDùng cho chuyên nghành kế toán, kiểm toán, kinh tế và QTKD /
_cTrần Quý Liên
250 _aTái bản lần thứ nhất có sửa đổi bổ sung
260 _aHà Nội :
_bTài Chính,
_c2007
300 _a359 tr. ;
_c21 cm.
942 _2ddc
_cBK
999 _c2435
_d2435
912 _a1
_bHiển Phạm